000 00993cam a22003131i 4500
999 _c6419
_d6419
001 830966
003 OSt
005 20200113112547.0
008 770524s1977 riu b 001 0 eng
010 _a 77009625
020 _a0821815156
040 _aDLC
_cDLC
_dDLC
050 0 0 _aQA312
_b.D43
082 0 0 _a515.63
_bDIE 1977
100 1 _aDiestel, Joe,
_d1943-
_913163
245 1 0 _aVector measures /
_cby J. Diestel and J. J. Uhl, Jr.
260 _aProvidence, R.I. :
_bAmerican Mathematical Society,
_c1977.
300 _axiii, 322 p. :
_c26 cm.
490 1 _aMathematical surveys ; no. 15
500 _aIncludes indexes.
504 _aBibliography: p. 277-310.
650 0 _aVector-valued measures.
_913164
650 0 _aBanach spaces.
_912825
650 0 _aLinear operators.
_913165
700 1 _aUhl, John Jerry,
_d1940-
_ejoint author.
_913166
830 0 _aMathematical surveys ;
_vno. 15.
_913167
906 _a7
_bcbc
_corignew
_d1
_eocip
_f19
_gy-gencatlg
942 _2ddc
_cO_SHELF